000 00573nam a2200157 4500
001 136696
003 ES-MaACL
005 20230906195214.0
007 t|
008 070214s1902 sp r ||||1| spa d
100 1 _aSala y Pons, Claudio.
_9101680
245 1 0 _aEstudio micrográfico de la hoja y su aplicación al movimiento de hojas de uso farmacéutico
_b: tesis doctoral : con seis grabados y una lámina en color /
_cClaudio Sala y Pons.
260 _aMadrid :
_bAvrial,
_c1902.
300 _a52 p., 1 lám. col. :
_bil. ;
_c22 cm.
852 _aES-MaACL
_jT-1050-F-11
999 _c136696
_d136696